Statistiques concernant Trouve la race de chien

Cliquez ici pour prendre le quiz!

Statistiques générales

  • Ce quiz a été pris 1 513 fois
  • Le résultat moyen est 9 sur 15

Statistiques - réponses

Réponse% Correct
Berger allemand
97%
Husky
94%
Labrador
92%
St. Bernard
83%
Berger australien
82%
Shiba
71%
Boxer
69%
Beagle
64%
Golden Retriever
58%
Bulldog
52%
Basset
49%
Chien-loup
49%
Bulldog français
28%
Pomeranian
13%
Poodle
6%

Distribution des résultats

Percentile par nombre de réponses

% des personnes avec chaque résultat

Votre développement - résultats

Vous n’avez pas pris ce quiz